Регионална библиотека "Любен Каравелов" - Русе

Ирисова диагностика (Запис номер 190639)

MARC детайли
000 -Лидер
Контролно поле с фиксирана дължина 01634nam a2200325 c 4500
003 - Код на организацията, давaща контролен номер
Контролно поле BLK
005 - Дата и час на последна редакция
Контролно поле 20220401152943.0
008 - Елементи от данни с фиксирана дължина
fixed length control field 180411b bul|||||r ||||||| ||bul||
010 ## - Наследен системен номер
LC control number KNG00199789000
020 ## - Международен стандартен номер на книга ISBN
Международен стандартен номер на книга ISBN 954-496-008-2
040 ## - Източник на каталожния запис
Идентификатор на билиотеката - собственик на записа BLK
041 ## - Код за език
Код за езика на текст/звукозапис или на отделно заглавие Български
Код за езика КДБФ Български
080 ## - УДК
Текстов определител УДК Клинично изследване. Клинична диагностика. Ирисодиагностика. - Анамнеза, преглед, клинична топография(измервания на тялото и главата)-цифрови индекси, гониометрия, антропометрия, палпация, перкусия,
УДК код - определител по УДК 616-071
УДК - код + определител 616-071
100 1# - Редна дума - Автор
Автор Мадаус, М.
Авторска отговорност първи автор
R(LIN) 90616
139 ## - Редно поле
Редна дума Мадаус, М.
Авторски знак Мад - М 14
245 10 - Сведения за заглавието
Заглавие Ирисова диагностика
Подзаглавни данни Изследване
Редно поле (дума) М. Мадаус; прев. от нем. Иванка Кадиева.
257 ## - Страна на издаване
Страна на създаване/издаване Германия
260 ## - Област на издателските данни
Име на издателя, разпространителя и проч. Орбел
Година на издаване 1993
300 ## - Физическа характеристика
Страници 230 с.
Илюстрации и др. с ил.
Размери/Мащаб 20 см
380 ## - Жанр
Жанр Медицина
500 ## - Общи забележки
Забележка Без сведение за ориг. загл. - 1. изд. 1934 със загл. Ирисова диагноза на изд. Водолей. - Офс. изд.
650 #4 - Допълнително описание по предмет – тема
Основно описание – тема или топоним Ирисова диагностика
9 (RLIN) 253575
653 ## - Ключова дума – ненормативна
Ключова дума ирисова диагностика
700 1# - Други автори (авторска отговорност)
Лично име Кадиева, Иванка
Автороска отговорност (Описва отношението между автора и произведението) прев. от нем.
9 (RLIN) 245145
852 ## - Местоположение
Форматна сигнатура Цб 172445
856 4# - Електронен адрес и достъп
Електронен формат pdf - файл
856 4# - Електронен адрес и достъп
Електронен формат pdf - файл
999 ## - СИСТЕМНИ КОНТРОЛНИ НОМЕРА
Koha biblionumber 190639
Koha biblioitemnumber 190639
942 ## - АРТИКУЛИ
Вид на библиотечния материал Книги
Скрит в OPAC Не
Периодичен библиозапис Да
944 ## - СЪЗДАВАНЕ И РЕДАКЦИЯ на ЗАПИСА
Създаване/Редакция Създаване
Дата на регистрацията/редакция 03.02.2017
Служител, извършил регистрацията/редакцията Наталия_Любомирова
944 ## - СЪЗДАВАНЕ И РЕДАКЦИЯ на ЗАПИСА
Създаване/Редакция Редакция
Дата на регистрацията/редакция 03.02.2017
Служител, извършил регистрацията/редакцията Наталия_Любомирова
999 ## - СИСТЕМНИ КОНТРОЛНИ НОМЕРА
Koha biblioitemnumber 190639
Наличности
Код за отписване Код за изгубен артикул Код за повреда Коз за рестрикции Код за отдаване Артикулен № Име на библиотеката - собственик Име на библиотеката, в която се намира в момента Статус (Текущо местоположение) Дата на вписване в системата Местоположение - отдел Цена в лева Инвентарен номер Систематично азбучна сигнатура Баркод Номер на екземпляра Цена в евро Служебна бележка Служебен тип на артикула Източник на класификационната схема
  Не е изгубен Не е повреден без рестрикции ползва се в читалня 335289 Регионална библиотека "Любен Каравелов" Русе Регионална библиотека "Любен Каравелов" Русе Хранилище 1993-01-01 Хранилище 1.33 581731 Цб 172445 581731 1 0.68 N: стар фонд Дата: 01.01.1993 Книги  
Изтеглен Не е изгубен Не е повреден без рестрикции заемане за дома 335290 Регионална библиотека "Любен Каравелов" Русе Регионална библиотека "Любен Каравелов" Русе Заемна - подръчен фонд 1993-01-01 Заемна - подръчен фонд 2.66 581401 П 616/М 14 581401 2 1.36 N: стар фонд Дата: 01.01.1993 Книги Universal Decimal Classification
  Не е изгубен Не е повреден без рестрикции заемане за дома 880485 Регионална библиотека "Любен Каравелов" Русе Регионална библиотека "Любен Каравелов" Русе Заемна - подръчен фонд 2022-04-05 Заемна - подръчен фонд 15.00   616/М 14 М 120000870508   7.67   Книги Universal Decimal Classification
Vip Innovations Ltd, Rousse, Bulgaria 2025